দক্ষিনপূর্ব বাংলায় ফ্রন্সিস বুখানন (১৯৭৮) : (Record no. 102490)
[ view plain ]
| 000 -LEADER | |
|---|---|
| fixed length control field | 01101nam a22002297a 4500 |
| 003 - CONTROL NUMBER IDENTIFIER | |
| control field | BD-DhUL |
| 005 - DATE AND TIME OF LATEST TRANSACTION | |
| control field | 20160829170334.0 |
| 008 - FIXED-LENGTH DATA ELEMENTS--GENERAL INFORMATION | |
| fixed length control field | 160829s1994 b a|||| |||| 001 0 b d |
| 040 ## - CATALOGING SOURCE | |
| Transcribing agency | BD-DhUL |
| Modifying agency | BD-DhUL |
| 082 ## - DEWEY DECIMAL CLASSIFICATION NUMBER | |
| Classification number | 915.4923 |
| Item number | DAK |
| 100 10 - MAIN ENTRY--PERSONAL NAME | |
| Personal name | সেন্দেল, ভেলাম ভান |
| 245 ## - TITLE STATEMENT | |
| Title | দক্ষিনপূর্ব বাংলায় ফ্রন্সিস বুখানন (১৯৭৮) : |
| Remainder of title | কুমিল্লা, নোয়াখালী, চট্টগ্রাম, পার্বত্য চট্টগ্রামে তার ভ্রমন / |
| Statement of responsibility, etc. | ভেলাম ভান সেন্দেল |
| 260 ## - PUBLICATION, DISTRIBUTION, ETC. (IMPRINT) | |
| Place of publication, distribution, etc. | ঢাকা : |
| Name of publisher, distributor, etc. | আইসিবিএস |
| Date of publication, distribution, etc. | ১৯৯৪ । |
| 300 ## - PHYSICAL DESCRIPTION | |
| Extent | ২১৪ পৃ. : |
| Other physical details | চিত্র ; |
| Dimensions | ২২ সে. মি. |
| 365 ## - TRADE PRICE | |
| Price type code | BDT |
| Price amount | 175.00 |
| 500 ## - GENERAL NOTE | |
| General note | নির্ঘন্ট সংবলিত । |
| 650 ## - SUBJECT ADDED ENTRY--TOPICAL TERM | |
| Topical term or geographic name as entry element | বাংলাদেশ |
| 650 ## - SUBJECT ADDED ENTRY--TOPICAL TERM | |
| Topical term or geographic name as entry element | বাংলাদেশ |
| 650 ## - SUBJECT ADDED ENTRY--TOPICAL TERM | |
| Topical term or geographic name as entry element | Bangladesh |
| 700 10 - ADDED ENTRY--PERSONAL NAME | |
| Personal name | অনূ : আইয়ুব, সালাউদ্দীন |
| 942 ## - ADDED ENTRY ELEMENTS (KOHA) | |
| Source of classification or shelving scheme | |
| Koha item type | Books |
| Price effective from | Date last seen | Permanent Location | Not for loan | Date acquired | Source of classification or shelving scheme | Koha item type | Lost status | Withdrawn status | Copy number | Source of acquisition | Collection code | Damaged status | Shelving location | Barcode | Current Location | Full call number |
|---|---|---|---|---|---|---|---|---|---|---|---|---|---|---|---|---|
| 2016-08-29 | 2016-08-29 | Dhaka University Library | 2003-02-02 | Books | 4 | Purchased | Non Fiction | General Stacks | 399880 | Dhaka University Library | 915.4923 DAK | |||||
| 2016-08-29 | 2016-08-29 | Dhaka University Library | 2003-02-02 | Books | Purchased | Non Fiction | General Stacks | 363132 | Dhaka University Library | 915.4923 DAK | ||||||
| 2016-08-29 | 2016-08-29 | Dhaka University Library | 2003-02-02 | Books | 2 | Purchased | Non Fiction | General Stacks | 392612 | Dhaka University Library | 915.4923 DAK |
